MARC details
| 000 -CABECERA |
| campo de control de longitud fija |
03197nam a2200433 a 4500 |
| 001 - NÚMERO DE CONTROL |
| campo de control |
dia_428 |
| 003 - IDENTIFICADOR DEL NÚMERO DE CONTROL |
| campo de control |
CHAP |
| 005 - FECHA Y HORA DE LA ÚLTIMA TRANSACCIÓN |
| campo de control |
20251201100637.0 |
| 007 - CAMPO FIJO DE DESCRIPCIÓN FÍSICA--INFORMACIÓN GENERAL |
| campo de control de longitud fija |
ta |
| 008 - DATOS DE LONGITUD FIJA--INFORMACIÓN GENERAL |
| campo de control de longitud fija |
220117s1984 mx ad frm 001 0 spa d |
| 010 ## - NÚMERO DE CONTROL DE LA BIBLIOTECA DEL CONGRESO |
| Número de control de LC |
170980 |
| 040 ## - FUENTE DE LA CATALOGACIÓN |
| Centro catalogador/agencia de origen |
mxchpua |
| Centro/agencia transcriptor |
CHAP |
| 041 0# - CÓDIGO DE LENGUA |
| Código de lengua del texto/banda sonora o título independiente |
spa |
| 090 ## - LOCALMENTE ASIGNADO TIPO-LC NÚMERO DE CLASIFICACIÓN (OCLC); NÚMERO DE CLASIFICACIÓN LOCAL (RLIN) |
| Número de clasificación (OCLC) (R) ; Numero de clasificación, CALL (RLIN) (NR) |
Tesis |
| Número cutter local (OCLC) ; Número de libro/Signatura topográfica íntegra, CALL (RLIN) |
C68 |
| año |
1984 |
| 100 1# - ENTRADA PRINCIPAL--NOMBRE DE PERSONA |
| Nombre de persona |
Covarrubias Gutiérrez, Ignacio |
| 245 10 - MENCIÓN DE TÍTULO |
| Título |
Comportamiento de la pulpa de aguacate (Persea americana, Mill) cv. Hass ante diferentes aditivos y variacion de temperatura / |
| Mención de responsabilidad, etc. |
Ignacio Covarrubias Gutiérrez |
| 264 ## - PRODUCCIÓN, PUBLICACIÓN, DISTRIBUCIÓN, FABRICACIÓN Y COPYRIGHT |
| Producción, publicación, distribución, fabricación y copyright |
Chapingo, México : |
| Nombre del de productor, editor, distribuidor, fabricante |
El autor, |
| Fecha de producción, publicación, distribución, fabricación o copyright |
1984 |
| 300 ## - DESCRIPCIÓN FÍSICA |
| Extensión |
v, 80 hojas : |
| Otras características físicas |
ilustraciones, tablas, gráficas |
| 336 ## - TIPO DE CONTENIDO |
| Fuente |
rdacontent |
| Término de tipo de contenido |
texto |
| Código de tipo de contenido |
txt |
| 337 ## - TIPO DE MEDIO |
| Fuente |
rdamedia |
| Nombre/término del tipo de medio |
no mediado |
| Código del tipo de medio |
n |
| 338 ## - TIPO DE SOPORTE |
| Fuente |
rdacarrier |
| Nombre/término del tipo de soporte |
volumen |
| Código del tipo de soporte |
nc |
| 502 ## - NOTA DE TESIS |
| Nota de tesis |
Tesis |
| Tipo de título |
(Ingeniero Agrónomo Especialista en Industrias Agrícolas) : |
| -- |
(Ingeniero Agroindustrial) -- |
| Nombre de la institución que otorga el título |
UACh. Departamento de Industrias Agrícolas : |
| -- |
UACh. Departamento de Ingeniería Agroindustrial, |
| Año de obtención del título |
1984 |
| 504 ## - NOTA DE BIBLIOGRAFÍA, ETC. |
| Nota de bibliografía, etc. |
Bibliografía: hojas 59-63 |
| 520 3# - SUMARIO, ETC. |
| Sumario, etc. |
Aguacate (Persea amenicana, MilL) cv Hass, cosechados en Uruapan, Mic., se utilizaron para obtener pulpa procesada en el Departamento de Industrias Agrícolas de la Universidad Autónoma Chapingo. La pulpa fue tratada con diferentes mezclas de aditivos (0.05% a 2% de ácido cítrico, 0.05% a 2% de ácido málico, 0.1% de ácido tartárico, 0.1% de sorbato de potasio, 0.01% de SO2, 0.1% de α-tocoferol con 50% de ingrediente activo, y 700 ppm de colorante verde limón con 8.5% a 10% de ingrediente activo). La pulpa fue procesada a 75°c, 65°℃ y 55°C en un intercambiador diseñado internamente, tal que el tratamiento térmico fuera lo más rápido posible. Finalmente, la pulpa fue enlatada y se mantuvo en refrigeración a 4°C por 7 días, haciendo posteriormente las evaluaciones de: vacío, pH, índice de yodo, cuenta total en placa de microorganismos mesofílicos aerobios, apariencia general, olor, color, sabor, textura y aceptación. La pulpa tratada con 0.1% de sorbato de potasio, 0.01% de SO2, 700 ppm de colorante verde limón a una temperatura de 75°C y con pH de 6.7, presentó posibilidades de procesamiento de la pulpa de aguacate para su conservación, de acuerdo a los valores del índice de yodo (17.25 g de yodo absorbido/100 g de pulpa), bajas cuentas microbianas (73 ± 25 m.o/g de pulpa) y valores de calidad aceptable (3) a buena calidad (4) en el panel de catación. |
| 650 13 - PUNTO DE ACCESO ADICIONAL DE MATERIA--TÉRMINO DE MATERIA |
| Término de materia o nombre geográfico como elemento de entrada |
Aguacate |
| Subdivisión general |
Pulpa |
| -- |
Conservación |
| Fuente del encabezamiento o término |
atg |
| 650 13 - PUNTO DE ACCESO ADICIONAL DE MATERIA--TÉRMINO DE MATERIA |
| Término de materia o nombre geográfico como elemento de entrada |
Conservación |
| Subdivisión general |
Aditivos |
| Fuente del encabezamiento o término |
atg |
| 650 13 - PUNTO DE ACCESO ADICIONAL DE MATERIA--TÉRMINO DE MATERIA |
| Término de materia o nombre geográfico como elemento de entrada |
Conservación |
| Subdivisión general |
Tratamiento térmico |
| Fuente del encabezamiento o término |
atg |
| 650 13 - PUNTO DE ACCESO ADICIONAL DE MATERIA--TÉRMINO DE MATERIA |
| Término de materia o nombre geográfico como elemento de entrada |
Avocados |
| Subdivisión general |
Pulp |
| -- |
Preservation |
| Fuente del encabezamiento o término |
atg |
| 650 13 - PUNTO DE ACCESO ADICIONAL DE MATERIA--TÉRMINO DE MATERIA |
| Término de materia o nombre geográfico como elemento de entrada |
Preservation |
| Subdivisión general |
Additives |
| Fuente del encabezamiento o término |
atg |
| 650 13 - PUNTO DE ACCESO ADICIONAL DE MATERIA--TÉRMINO DE MATERIA |
| Término de materia o nombre geográfico como elemento de entrada |
Preservation |
| Subdivisión general |
Heat treatment |
| Fuente del encabezamiento o término |
atg |
| 700 1# - PUNTO DE ACCESO ADICIONAL--NOMBRE DE PERSONA |
| Nombre de persona |
Valle Vega, Pedro |
| Término indicativo de función/relación |
director |
| 700 1# - PUNTO DE ACCESO ADICIONAL--NOMBRE DE PERSONA |
| Nombre de persona |
Corrales García, José Joel Enrique |
| Término indicativo de función/relación |
asesor |
| 700 1# - PUNTO DE ACCESO ADICIONAL--NOMBRE DE PERSONA |
| Nombre de persona |
Hernández Montes, Arturo |
| Término indicativo de función/relación |
asesor |
| 856 ## - LOCALIZACIÓN Y ACCESO ELECTRÓNICOS |
| Identificador Uniforme del Recurso |
<a href="http://10.13.5.2/tesis/1984_COVARRUBIAS_GUTIERREZ_IGNACIO_Tesis.pdf">http://10.13.5.2/tesis/1984_COVARRUBIAS_GUTIERREZ_IGNACIO_Tesis.pdf</a> |
| Texto de enlace |
DESCARGAR PDF |
| 901 ## - ELEMENTOS DE DATOS A LOCAL LDA (RLIN) |
| a |
TESIS C68 1984 |
| 942 ## - ELEMENTOS DE PUNTO DE ACCESO ADICIONAL (KOHA) |
| Tipo de ítem Koha |
TESIS |
| Fuente del sistema de clasificación o colocación |
Clasificación Universidad Autónoma Chapingo |
| 902 ## - ELEMENTOS DE DATOS B LOCAL, LDB (RLIN) |
| a |
M |
| 905 ## - ELEMENTOS DE DATOS E LOCAL, LDE (RLIN) |
| a |
5232271984 mx nm 8223123322spa16 |